[Event "RM-2017-0-00172"]
[Site "LSS email"]
[Date "2017.02.03"]
[Round "?"]
[White "Seiler, Peter"]
[Black "Szabo, Mihaly"]
[Result "1/2-1/2"]
[WhiteElo "2060"]
[BlackElo "2381"]
[PlyCount "67"]
[EventDate "2016.05.22"]
[EventType "tourn (corr)"]
[EventRounds "6"]
[EventCountry "GER"]
[SourceTitle "Corr 2022"]
[Source "ChessBase"]
[SourceDate "2021.10.24"]
[SourceVersion "1"]
[SourceVersionDate "2021.10.24"]
[SourceQuality "1"]

1. e4 e5 2. Nf3 Nc6 3. Bb5 a6 4. Ba4 Nf6 5. 0-0 Be7 6. Re1 b5 7. Bb3 0-0 8. c3 d5 9. exd5 Nxd5 10. Nxe5 Nxe5 11. Rxe5 c6 12. d3 Bd6 13. Re1 Bf5 14. Qf3 Bg6 15. Bxd5 cxd5 16. Bf4 d4 17. cxd4 Bb4 18. Nc3 Qxd4 19. Be5 Qxd3 20. Re3 Qc4 21. Nd5 f6 22. Nxb4 Qxb4 23. a3 Qc5 24. Bc3 Rfe8 25. h3 Rad8 26. Rxe8+ Bxe8 27. Re1 Bf7 28. Qb7 Bd5 29. Qxa6 Ra8 30. Bb4 Qxf2+ 31. Kxf2 Rxa6 32. Re8+ Kf7 33. Re7+ Kg8 34. Re8+ 1/2-1/2

[Event "RM-2017-0-00172"]
[Site "LSS email"]
[Date "2017.01.26"]
[Round "?"]
[White "Seiler, Peter"]
[Black "Kahl, Fred"]
[Result "1/2-1/2"]
[WhiteElo "2060"]
[BlackElo "2352"]
[PlyCount "68"]
[EventDate "2016.05.22"]
[EventType "tourn (corr)"]
[EventRounds "6"]
[EventCountry "GER"]
[SourceTitle "Corr 2022"]
[Source "ChessBase"]
[SourceDate "2021.10.24"]
[SourceVersion "1"]
[SourceVersionDate "2021.10.24"]
[SourceQuality "1"]

1. e4 e5 2. Nf3 Nc6 3. Bb5 a6 4. Ba4 Nf6 5. 0-0 Be7 6. Re1 b5 7. Bb3 0-0 8. c3 d5 9. exd5 Nxd5 10. Nxe5 Nxe5 11. Rxe5 c6 12. d3 Bd6 13. Re1 Bf5 14. Qf3 Qf6 15. Bxd5 cxd5 16. Bf4 Bxf4 17. Qxf4 d4 18. cxd4 Rad8 19. Nd2 Rxd4 20. Ne4 Qe6 21. h3 Qd5 22. Re3 Bg6 23. Rae1 f5 24. Nc3 Qd8 25. Qf3 b4 26. Na4 f4 27. Re7 Rxd3 28. Qb7 Qd4 29. Qxa6 f3 30. g3 Rd2 31. Qe6+ Bf7 32. Qe3 Qxe3 33. R7xe3 Bxa2 34. b3 Rc2 1/2-1/2